000 00619nam a2200193Ia 4500
005 20250508161906.0
008 008 250505s9999 xx 000 0 eng d
037 _aDissertations
040 _aFEDL
_beng
_cFEDL
041 _aeng
_2eng
084 _a507, GUP/DI
_qFEDL
100 _aGupta Satya Prakash
245 0 _aMeasurement of attitude of the students of class 10th of Delhi higher secondary schools towards science under 10 plus 2 pattern
260 _c1977
300 _a50p.
546 _aM. Ed. Dissertation (Delhi University)
942 _cDIS
_h507, GUP/DI
999 _c1372999
_d1372999